000
00209 a2200097 4500
001
10997
100
_a
Downing, J.
245
_a
Reading Readiness
260
_a
_b
Hodder and Stoughton
_c
090
_c
8565
_d
8565
942
_a
NUST-CAE
_c
M
_c
35339
999
_c
246070
_d
246070